2011-2015 affordable homes programme (Record no. 111968)

MARC details
000 -LEADER
fixed length control field 01696cad a22002175a 4500
001 - CONTROL NUMBER
control field L152281
008 - FIXED-LENGTH DATA ELEMENTS--GENERAL INFORMATION
fixed length control field 110216s2011 xxk f 000 0 eng d
035 ## - SYSTEM CONTROL NUMBER
System control number (Sirsi) u152281
041 0# - LANGUAGE CODE
Language code of text/sound track or separate title eng
110 2# - MAIN ENTRY--CORPORATE NAME
Corporate name or jurisdiction name as entry element United Kingdom
Subordinate unit Department for Communities and Local Government
9 (RLIN) 4939
245 00 - TITLE STATEMENT
Title 2011-2015 affordable homes programme
Remainder of title framework
Medium [electronic resource]
260 ## - PUBLICATION, DISTRIBUTION, ETC.
Place of publication, distribution, etc. London
Name of publisher, distributor, etc. HCA
Date of publication, distribution, etc. 2011
505 2# - FORMATTED CONTENTS NOTE
Formatted contents note Overview -- The new delivery model -- Affordable rent -- Other options to meet local needs -- Programme requirements -- Contract and programme management principles -- London -- Timetable -- Annexe One specialist programmes -- Annexe Two Funding and outputs -- Annexe Three Contract management scenarios -- Annexe Four Options for conversions recycling implications -- Annexe Five Geographic areas for offers
520 ## - SUMMARY, ETC.
Summary, etc. Framework provides a step-by-step guide for registered providers wishing to apply for funding for affordable housing developments between 2011 and 2015. Proposals must meet local needs with the HCA acting as broker between providers and local authorities. Key to the Affordable homes programme is the Affordable Rent product allowing social housing providers to charge up to 80% of market rent on properties. Proposals for schemes can include affordable housing for either renting or ownership.
590 ## - LOCAL NOTE (RLIN)
Local note KA NTK
651 #4 - SUBJECT ADDED ENTRY--GEOGRAPHIC NAME
Geographic name England
Chronological subdivision 886-
690 ## - LOCAL SUBJECT ADDED ENTRY--TOPICAL TERM (OCLC, RLIN)
Topical term or geographic name as entry element PROPERTY-RESIDENTIAL PROPERTY-DOMESTIC RESIDENTIAL PROPERTY-HOUSING
710 1# - ADDED ENTRY--CORPORATE NAME
Corporate name or jurisdiction name as entry element Homes and Communities Agency
9 (RLIN) 5688
856 40 - ELECTRONIC LOCATION AND ACCESS
Uniform Resource Identifier <a href="https://www.homesandcommunities.co.uk/public/documents/Affordable-Homes-Framework.pdf">https://www.homesandcommunities.co.uk/public/documents/Affordable-Homes-Framework.pdf</a>
Public note View this item free of charge at www.homesandcommunities
942 ## - ADDED ENTRY ELEMENTS (KOHA)
Suppress in OPAC 0
Holdings
Withdrawn status Lost status Source of classification or shelving scheme Damaged status Not for loan Home library Current library Shelving location Date acquired Total Checkouts Full call number Barcode Date last seen Copy number Price effective from Koha item type
    Dewey Decimal Classification     Virtual Virtual Online 16/02/2011   ONLINE PUBLICATION 152281-2001 06/08/2019 1 06/08/2019 Book